| 000 | 00566nam a2200229Ia 4500 | ||
|---|---|---|---|
| 003 | 0100 | ||
| 008 | 130227s9999 xx 000 0 und d | ||
| 040 | _cARRUPELIB | ||
| 050 | _aQA372.Z54 | ||
| 100 | _aZill, Dennis G. | ||
| 245 | 2 | _aA first course in differential equations with applications | |
| 250 | _a4th ed. | ||
| 260 | _aBoston | ||
| 260 | _bPWS-Kent Publishing Company | ||
| 260 | _C1988 | ||
| 300 | _a540p. | ||
| 300 | _b 23 cm | ||
| 650 | _bPhilosophical anthropology | ||
| 650 | _cPhilosophy of mind | ||
| 650 | _dNaturalism | ||
| 942 |
_2lcc _01 |
||
| 999 |
_c27 _d27 |
||